Vầng trăng ban ngày tiểu thuyết lịch sử
Uloženo v:
| Hlavní autor: | |
|---|---|
| Médium: | Kniha |
| Jazyk: | Vietnamese |
| Vydáno: |
Đà Nẵng
nxb Đà Nẵng
2001
|
| Témata: | |
| Tagy: |
Přidat tag
Žádné tagy, Buďte první, kdo otaguje tento záznam!
|
| Thư viện lưu trữ: | Mạng thư viện Đại học Đà Nẵng |
|---|
| LEADER | 01039nam a2200325 4500 | ||
|---|---|---|---|
| 001 | 000005628 | ||
| 003 | 1774 | ||
| 005 | 20120510080519.0 | ||
| 008 | 110818s2001 viesd | ||
| 020 | |c 18000 | ||
| 041 | 0 | |a vie | |
| 082 | |a 895.9223 |b VI-Q | ||
| 100 | 0 | |a Vĩnh Quyền | |
| 245 | 0 | |a Vầng trăng ban ngày |b tiểu thuyết lịch sử |c Vĩnh Quyền | |
| 260 | |a Đà Nẵng |b nxb Đà Nẵng |c 2001 | ||
| 300 | |a 248 tr. |c 19 cm | ||
| 653 | |a Văn học Việt Nam | ||
| 653 | |a Tiểu thuyết | ||
| 653 | |a Vĩnh Quyền | ||
| 910 | |a Thu Sương |d 19/8/2011 | ||
| OWN | |a LSP | ||
| AVA | |a UDN50 |b LSP |d 895.9223 VI-Q |e available |t Error 5001 Not defined in file expand_doc_bib_avail. |f 5 |g 0 |h N |i 0 |k 1 | ||
| 999 | |a From the UDN01 | ||
| AVA | |a UDN50 |b LSP |d 895.9223 VI-Q |e available |t Error 5001 Not defined in file expand_doc_bib_avail. |f 5 |g 0 |h N |i 0 |k 1 | ||
| TYP | |a Monograph | ||
| TYP | |a Printed language | ||
| 980 | |a Mạng thư viện Đại học Đà Nẵng | ||